| 000 | 01159 a2200241 4500 | ||
|---|---|---|---|
| 005 | 20080902162656.0 | ||
| 008 | 080902t xxu||||| |||| 00| 0 hin d | ||
| 010 | _aHIN-78865 | ||
| 020 |
_c175.00 _a818692728x |
||
| 035 | _aHN-51211 | ||
| 037 | _bD.B.Act / pub | ||
| 082 | _a821 | ||
| 100 | _aगुप्ता, इन्द्रेश प्रकाश | ||
| 245 |
_aसुधियों के सागर _cइन्द्रेश प्रकाश गुप्ता |
||
| 246 |
_aSudhiyon ke sagar _bby Inderesh Prakash Gupta |
||
| 260 |
_aदिल्ली _bसाहित्य वीथी प्रकाशन _c2006 |
||
| 270 |
_a27/111,गली नं-7,विश्वास नगर,शाहदरा _bदिल्ली _e110032 _k9811280634 |
||
| 300 |
_a160 पृ _c22सेमी (सजिल्द) |
||
| 650 | _aकविताएँ | ||
| 651 | _aPoems | ||
| 942 |
_adpl _cHN _k821 / गुप्ताइ _2ddc _h821 _m गुप्ताइ |
||
| 999 |
_c897 _d897 |
||